Advanced java programming / (Record no. 40616)

MARC details
000 -LEADER
fixed length control field 00802nam a22002177a 4500
005 - DATE AND TIME OF LATEST TRANSACTION
control field 20100810123141.0
010 ## - LCCN (DPL NO)
LC control number ENG-99234
020 ## - INTERNATIONAL STANDARD BOOK NUMBER
International Standard Book Number 938006053-X
Terms of availability 175.00
020 ## - INTERNATIONAL STANDARD BOOK NUMBER
International Standard Book Number 9789380060538
Terms of availability 175.00
035 ## - SYSTEM CONTROL NUMBER
System control number EN-82766
037 ## - SOURCE OF ACQUISITION
Source of stock number/acquisition DBAD/PUB
082 ## - DEWEY DECIMAL CLASSIFICATION NUMBER
Classification number 005.133
100 ## - MAIN ENTRY--PERSONAL NAME
Personal name Kavitha, P.
245 ## - TITLE STATEMENT
Title Advanced java programming /
Statement of responsibility, etc by P. Kavitha
260 ## - PUBLICATION, DISTRIBUTION, ETC. (IMPRINT)
Place of publication, distribution, etc Salem
Name of publisher, distributor, etc M. S. K Publications
Date of publication, distribution, etc 2009
270 ## - ADDRESS
Address 3/189-E, Athanoor Amman kovil St., Masinayaganpatti-Post, Ayyothiyappattinam
City Salem
Postal code 636103
300 ## - PHYSICAL DESCRIPTION
Extent 211p.
Dimensions 20cm (pbk)
650 ## - SUBJECT ADDED ENTRY--TOPICAL TERM
Topical term or geographic name as entry element Computer programming language
942 ## - ADDED ENTRY ELEMENTS (KOHA)
Source of classification or shelving scheme Dewey Decimal Classification
Item type English Books
Classification part 005.133
Call number suffix KAV
Holdings
Withdrawn status Lost status Not for loan Collection code Home library Current library Date acquired Source of acquisition Cost, normal purchase price Full call number Barcode Copy number Cost, replacement price Koha item type
    Not For Loan Non-fiction D.B.Act.Division Bawana 10/08/2010 DBAD/PUB 175.00 005.133 KAV EN-82766 1 175.00 English Books

© Delhi Public Library
Hit Counter
free hit counter